Adobe After Effects 6.0 : βήμα προς βήμα
Αποθηκεύτηκε σε:
| Μορφή: | Βιβλίο |
|---|---|
| Γλώσσα: | Greek English |
| Δημοσίευση: |
Αθήνα :
Μ. Γκιούρδας,
2005.
|
| Θέματα: | |
| Ετικέτες: |
Προσθήκη ετικέτας
Δεν υπάρχουν, Καταχωρήστε ετικέτα πρώτοι!
|
MARC
| LEADER | 00000cam a2200000 i 4500 | ||
|---|---|---|---|
| 001 | 1/29033 | ||
| 008 | 060509s2005 gr | ||| |||| ||gre|| | ||
| 020 | |a 9605122510 | ||
| 035 | |l 10083800 | ||
| 040 | |a GR-MyUa |b gre |e AACR2 | ||
| 041 | 1 | |a gre |h eng | |
| 082 | 7 | |a 778.52345 |2 (22) | |
| 245 | 0 | 0 | |a Adobe After Effects 6.0 : |b βήμα προς βήμα / |c απόδοση: Γιάννης Β. Σαμαράς. |
| 260 | |a Αθήνα : |b Μ. Γκιούρδας, |c 2005. | ||
| 300 | |a 384 σ. : |b εικ. ; |c 24 εκ. + |e 1 οπτικός δίσκος λέϊζερ Η/Υ (4 3/4 ιν.). | ||
| 500 | |a Τίτλος πρωτοτύπου: Adobe After Effects 6.0. | ||
| 504 | |a Περιέχει βιβλιογραφία και ευρετήριο. | ||
| 630 | 0 | 0 | |a Adobe After effects. |
| 650 | 0 | |a Cinematography |x Special effects |x Data processing. | |
| 852 | |a INST |b LESVOS |e 20060509 |h 778.52345 ADO |p 005100034921 |q 005100034921 |t BK |y 0 | ||
| 852 | |a INST |b LESVOS |e 20110623 |h 778.52345 ADO |p 005100048781 |q 005100048781 |t BK |y 0 | ||
| 852 | |a INST |b LESVOS |e 20110623 |h 778.52345 ADO |p 005100048780 |q 005100048780 |t BK |y 0 | ||
| 852 | |a INST |b LESVOS |e 20060509 |h 778.52345 ADO |p 005100034922 |q 005100034922 |t BK |y 0 | ||
| 901 | |a BIBL1-2006-2 | ||
| 901 | |a BIBL1-2011-2 | ||
| 970 | |a ΚΑΡΑ |b ΓΙΑΣΕΜΗ |z 2006/05/09 | ||